Catalog

Record Details

Catalog Search



A river of golden bones : The golden court  Cover Image Book Book

A river of golden bones : The golden court / A. K. Mulford.

Mulford, A. K., (author.).

Summary:

"Twins Calla and Briar have spent their entire lives hiding from the powerful sorceress who destroyed their kingdom... and from the humans who don't know they are Wolves. Each twin has their own purpose in life: Briar's is to marry the prince of an ally pack and save the Golden Court. Calla's purpose is to remain a secret, her twin's shadow... the backup plan. No one knows who Calla truly is except for her childhood friend--and sister's betrothed--the distractingly handsome Prince Grae. But when Calla and Briar journey out of hiding for Briar's wedding, all of their well-made plans go awry. The evil sorceress is back with another sleeping curse for the last heir to the Golden Court. Calla must step out of the shadows to save their sister, their kingdom, and their own legacy. Continuing to hide as a human and denying who she truly is, Calla embarks on a quest across the realm, discovering a whole world she never knew existed. Outside the confines of rigid Wolf society, Calla begins to wonder: who could she be if she dared to try?"-- Amazon.com.

Record details

  • ISBN: 9780063291423
  • ISBN: 0063291428
  • Physical Description: 385 pages : map ; 24 cm.
  • Edition: First edition.
  • Publisher: New York : Harper Voyager, an imprint of HarperCollins Publishers, [2023]
Subject: Werewolves > Fiction.
Twins > Fiction.
Gender-nonconforming people > Fiction.
Royal houses > Fiction.
Magicians > Fiction.
Magic > Fiction.
Quests (Expeditions) > Fiction.
Werewolves > Fiction.
Monarchy > Fiction.
Expeditions > Fiction.
Genre: Paranormal fiction
Fantasy fiction.
Romance fiction.
Werewolf fiction.
Queer fiction.
Paranormal fiction.

Available copies

  • 1 of 1 copy available at scottsboropl.

Holds

  • 0 current holds with 1 total copy.
Show Only Available Copies
Location Call Number / Copy Notes Barcode Shelving Location Status Due Date
scottsboropl F Mul 32269001293219 Adult - Fiction Available -

LDR 04358cam a2200973 i 4500
001162534
003SBPL
00520240131143806.0
008230826t20232023nyub e 000 1 eng d
020 . ‡a9780063291423 ‡q(hardcover)
020 . ‡a0063291428 ‡q(hardcover)
035 . ‡a(OCoLC)1410832622 ‡z(OCoLC)1355016354 ‡z(OCoLC)1372336941
050 4. ‡aPR9639.4.M854 ‡bR58 2023
08204. ‡a823/.92 ‡223
1001 . ‡aMulford, A. K., ‡eauthor.
24512. ‡aA river of golden bones : ‡bThe golden court / ‡cA. K. Mulford.
250 . ‡aFirst edition.
264 1. ‡aNew York : ‡bHarper Voyager, an imprint of HarperCollins Publishers, ‡c[2023]
300 . ‡a385 pages : ‡bmap ; ‡c24 cm.
336 . ‡atext ‡btxt ‡2rdacontent
337 . ‡aunmediated ‡bn ‡2rdamedia
338 . ‡avolume ‡bnc ‡2rdacarrier
4901 . ‡aThe golden court : ‡vBk 1
520 . ‡a"Twins Calla and Briar have spent their entire lives hiding from the powerful sorceress who destroyed their kingdom... and from the humans who don't know they are Wolves. Each twin has their own purpose in life: Briar's is to marry the prince of an ally pack and save the Golden Court. Calla's purpose is to remain a secret, her twin's shadow... the backup plan. No one knows who Calla truly is except for her childhood friend--and sister's betrothed--the distractingly handsome Prince Grae. But when Calla and Briar journey out of hiding for Briar's wedding, all of their well-made plans go awry. The evil sorceress is back with another sleeping curse for the last heir to the Golden Court. Calla must step out of the shadows to save their sister, their kingdom, and their own legacy. Continuing to hide as a human and denying who she truly is, Calla embarks on a quest across the realm, discovering a whole world she never knew existed. Outside the confines of rigid Wolf society, Calla begins to wonder: who could she be if she dared to try?"-- ‡cAmazon.com.
650 0. ‡aWerewolves ‡vFiction.
650 0. ‡aTwins ‡vFiction.
650 0. ‡aGender-nonconforming people ‡vFiction.
650 0. ‡aRoyal houses ‡vFiction.
650 0. ‡aMagicians ‡vFiction.
650 0. ‡aMagic ‡vFiction.
650 0. ‡aQuests (Expeditions) ‡vFiction.
650 0. ‡aWerewolves ‡vFiction. ‡2sears
650 0. ‡aMonarchy ‡vFiction. ‡2sears
650 0. ‡aExpeditions ‡vFiction. ‡2sears
655 7. ‡aParanormal fiction ‡2fast
655 7. ‡aFantasy fiction. ‡2lcgft
655 7. ‡aRomance fiction. ‡2lcgft
655 7. ‡aWerewolf fiction. ‡2lcgft
655 7. ‡aQueer fiction. ‡2lcgft
655 7. ‡aParanormal fiction. ‡2lcgft
8001 . ‡aMulford, A. K. ‡tGolden court ; ‡vbk.1.
901 . ‡a162534 ‡bAUTOGEN ‡c162534 ‡tbiblio

Additional Resources